000 00326nam a2200133 i 4500
001 bg
100 1 _aZABELIN, A.
245 0 _aDozimetriceskij i specialnyj technologiceskij kontrol /
_cA. Zabelin.
260 _aMoskva,
_c1961.
040 _cBPK
041 _apol
942 _cKS
008 s pl f |000 0 pol
999 _c12698
_d12698
856 _uhttp://koha.tu.koszalin.pl/cgi-bin/koha/opac-detail.pl?biblionumber=12698
_yKatalog online BPK